| 000 | 00553nam a2200217Ia 4500 | ||
|---|---|---|---|
| 003 | OSt | ||
| 005 | 20250917163203.0 | ||
| 008 | 210719s2003 xx 000 0 und d | ||
| 040 | _cAL | ||
| 041 | _aTulu | ||
| 082 | _aT894.2 TIMM | ||
| 100 |
_aTIMMAPPA (M) _dತಿಮ್ಮಪ್ಪ ಎಂ _9239172 |
||
| 245 |
_aMarat budade _bಮರತ್ ಬುಡಡೆ |
||
| 260 |
_aPuttur _c2003 |
||
| 300 |
_a52 _bPB |
||
| 365 |
_b30 _cRs |
||
| 650 |
_aTulu Drama _9239173 |
||
| 650 |
_aTulu Drama _9239173 |
||
| 906 | _abudade ; Marat | ||
| 942 |
_2ddc _cBK |
||
| 999 |
_c214715 _d214715 |
||